[Event "ROM-ch U12 Girls"]
[Site "Calimanesti"]
[Date "2015.04.06"]
[Round "9"]
[White "Bratulescu, Daria Ana Maria"]
[Black "Mirza, Hana Carmina"]
[Result "0-1"]
[WhiteElo "1031"]
[BlackElo "1062"]
[PlyCount "35"]
[EventDate "2015.03.30"]
[EventType "swiss"]
[EventRounds "9"]
[EventCountry "ROU"]
[SourceTitle "CBM 165 Extra"]
[Source "ChessBase"]
[SourceDate "2015.04.21"]
[SourceVersion "1"]
[SourceVersionDate "2015.04.21"]
[SourceQuality "1"]

1. e4 e5 2. Nf3 Nc6 3. Bc4 Bc5 4. c3 Nf6 5. d4 exd4 6. e5 Ng8 7. cxd4 Bb4+ 8. Nbd2 Bxd2+ 9. Bxd2 d5 10. exd6 Qxd6 11. Bc3 Nf6 12. d5 Ne7 13. 0-0 0-0 14. Qd4 Nexd5 15. Bxd5 Qxd5 16. Rfe1 Qxd4 17. Bxd4 Be6 18. Ng5 0-1

[Event "ROM-ch U12 Girls"]
[Site "Calimanesti"]
[Date "2015.04.02"]
[Round "5"]
[White "Bratulescu, Daria Ana Maria"]
[Black "Marina, Raluca Ioana"]
[Result "0-1"]
[WhiteElo "1031"]
[BlackElo "1256"]
[PlyCount "96"]
[EventDate "2015.03.30"]
[EventType "swiss"]
[EventRounds "9"]
[EventCountry "ROU"]
[SourceTitle "CBM 165 Extra"]
[Source "ChessBase"]
[SourceDate "2015.04.21"]
[SourceVersion "1"]
[SourceVersionDate "2015.04.21"]
[SourceQuality "1"]

1. d4 d5 2. Bf4 c6 3. e3 Nf6 4. Bd3 Nbd7 5. Nc3 e6 6. Nf3 Bb4 7. Qd2 c5 8. a3 Bxc3 9. Qxc3 c4 10. Be2 0-0 11. 0-0 Ne4 12. Qe1 h6 13. Ne5 Ndf6 14. b3 cxb3 15. cxb3 Bd7 16. Bd3 Nd6 17. Nxd7 Qxd7 18. Rc1 Rac8 19. Rxc8 Rxc8 20. Qd2 Nde4 21. Bxe4 Nxe4 22. Qb2 Qc6 23. f3 Nf6 24. b4 Qc3 25. Qxc3 Rxc3 26. Be5 Rxe3 27. Bxf6 gxf6 28. a4 Rd3 29. Rc1 Rxd4 30. Rb1 Kf8 31. a5 Ke7 32. b5 Ra4 33. b6 a6 34. Rc1 Rc4 35. Rd1 Kd6 36. Rb1 Ra4 37. Rc1 Rxa5 38. g4 Rb5 39. h4 Rxb6 40. f4 Rc6 41. Rf1 Ke7 42. g5 h5 43. Rf2 Rc1+ 44. Kg2 b5 45. Ra2 Rc6 46. Rf2 b4 47. Rf1 b3 48. f5 Rc2+ 0-1

[Event "ROM-ch U12 Girls"]
[Site "Calimanesti"]
[Date "2015.04.01"]
[Round "3"]
[White "Bratulescu, Daria Ana Maria"]
[Black "Sandulescu, Iulia Stefania"]
[Result "1-0"]
[WhiteElo "1031"]
[BlackElo "1001"]
[PlyCount "114"]
[EventDate "2015.03.30"]
[EventType "swiss"]
[EventRounds "9"]
[EventCountry "ROU"]
[SourceTitle "CBM 165 Extra"]
[Source "ChessBase"]
[SourceDate "2015.04.21"]
[SourceVersion "1"]
[SourceVersionDate "2015.04.21"]
[SourceQuality "1"]

1. e4 e5 2. Nf3 Nc6 3. Nc3 Nf6 4. Bb5 Bb4 5. Bxc6 dxc6 6. Nxe5 0-0 7. Qf3 Re8 8. Qf4 Bd6 9. d4 c5 10. Be3 cxd4 11. Bxd4 c5 12. Be3 Bxe5 13. Qf3 Bxc3+ 14. bxc3 Nxe4 15. 0-0 b6 16. c4 Ba6 17. Rad1 Ng5 18. Bxg5 Qxg5 19. Rfe1 Rad8 20. Rxe8+ Rxe8 21. h3 f6 22. Rd7 Re1+ 23. Kh2 Qe5+ 24. Qg3 Qxg3+ 25. Kxg3 Re4 26. Kf3 f5 27. g4 g6 28. gxf5 gxf5 29. Rxa7 Bxc4 30. Kg3 f4+ 31. Kg4 Re5 32. Kxf4 Rh5 33. Kg4 Rd5 34. f4 Be2+ 35. Kg3 Rh5 36. h4 b5 37. Re7 Bd1 38. c3 b4 39. cxb4 c4 40. Ra7 c3 41. a4 c2 42. Rc7 Rd5 43. a5 Rd3+ 44. Kf2 Rf3+ 45. Ke1 Rd3 46. a6 Rd8 47. a7 Re8+ 48. Kd2 Re2+ 49. Kc1 Re8 50. b5 Bf3 51. b6 Be4 52. b7 Bxb7 53. Rxb7 Rc8 54. Rb8 Rxb8 55. axb8Q+ Kg7 56. Qb6 Kf7 57. f5 Kg7 1-0